[Event "South Wales Late Summer Major op"]
[Site "Cardiff"]
[Date "2022.09.02"]
[Round "1"]
[White "Jones, Gavin"]
[Black "Bagga, Khushi"]
[Result "1/2-1/2"]
[WhiteElo "1549"]
[BlackElo "1358"]
[PlyCount "75"]
[EventDate "2022.09.02"]
[EventType "swiss"]
[EventRounds "5"]
[EventCountry "WLS"]
[SourceTitle "EXT 2024"]
[Source "ChessBase"]
[SourceDate "2023.10.10"]
[SourceVersion "1"]
[SourceVersionDate "2023.10.10"]
[SourceQuality "1"]

1. e4 e5 2. Nf3 Nc6 3. d4 exd4 4. Nxd4 Bc5 5. Nb3 Be7 6. Nc3 Nf6 7. Bc4 0-0 8. 0-0 d6 9. Re1 Be6 10. Nd5 Ne5 11. Bf1 c6 12. Nxe7+ Qxe7 13. Qd4 c5 14. Qc3 Ng6 15. f3 b6 16. Bg5 h6 17. Bxf6 Qxf6 18. Qxf6 gxf6 19. c4 f5 20. Rad1 fxe4 21. Rxe4 Rad8 22. Re3 Kg7 23. g3 Ne5 24. f4 Ng4 25. Ree1 Rfe8 26. Rd2 Nf6 27. Rdd1 d5 28. cxd5 Bxd5 29. Bb5 Bxb3 30. axb3 Rxe1+ 31. Rxe1 Kf8 32. Re2 Ne8 33. Rxe8+ Rxe8 34. Bxe8 Kxe8 35. g4 f6 36. Kf2 Ke7 37. Ke3 Ke6 38. Ke4 1/2-1/2

[Event "Dyfed op 47th"]
[Site "Fishguard"]
[Date "2018.02.17"]
[Round "3"]
[White "Jones, Gavin"]
[Black "Andrews, Norman G"]
[Result "0-1"]
[WhiteElo "1658"]
[BlackElo "1642"]
[PlyCount "78"]
[EventDate "2018.02.16"]
[EventType "swiss"]
[EventRounds "5"]
[EventCountry "WLS"]
[SourceTitle "EXT 2020"]
[Source "ChessBase"]
[SourceDate "2019.10.17"]
[SourceVersion "1"]
[SourceVersionDate "2019.10.17"]
[SourceQuality "1"]

1. e4 c5 2. Nc3 g6 3. g3 Nc6 4. Bg2 Bg7 5. Nge2 d6 6. 0-0 Nf6 7. h3 0-0 8. d3 Nd7 9. f4 Nd4 10. Kh2 f5 11. Nd5 Nxe2 12. Qxe2 e6 13. Ne3 Nb6 14. c3 Bd7 15. exf5 exf5 16. Bxb7 Rb8 17. Qg2 Re8 18. Bf3 Bb5 19. Rd1 Ba4 20. Rg1 Nd7 21. Nd5 Bb5 22. Qc2 Nf6 23. Be3 Kh8 24. Rge1 a6 25. Bf2 Nxd5 26. Bxd5 Qc7 27. Qd2 Bc6 28. Bb3 a5 29. d4 a4 30. Rxe8+ Rxe8 31. Bd1 Qe7 32. d5 Bd7 33. Bf3 Bf6 34. h4 h5 35. Qd3 Qf7 36. Qa6 Qf8 37. Rc1 Ra8 38. Qc4 Rb8 39. Rc2 Bb5 0-1

[Event "South Wales New Year Major"]
[Site "Bridgend"]
[Date "2018.01.06"]
[Round "2"]
[White "Rovaretti, David"]
[Black "Jones, Gavin"]
[Result "0-1"]
[WhiteElo "1762"]
[BlackElo "1630"]
[PlyCount "71"]
[EventDate "2018.01.05"]
[EventType "swiss"]
[EventRounds "5"]
[EventCountry "WLS"]
[SourceTitle "EXT 2020"]
[Source "ChessBase"]
[SourceDate "2019.10.17"]
[SourceVersion "1"]
[SourceVersionDate "2019.10.17"]
[SourceQuality "1"]

1. d4 e6 2. Nf3 Nf6 3. Bf4 d5 4. Nbd2 Bd6 5. Bg3 Nc6 6. c3 Bd7 7. e3 h5 8. Bd3 Qe7 9. Ne5 0-0-0 10. b4 Bxe5 11. dxe5 Ng4 12. Nf3 f6 13. exf6 Qxf6 14. Qb3 h4 15. Bf4 h3 16. Bf1 Rh5 17. a4 hxg2 18. Bxg2 e5 19. Bg3 Be6 20. Qb2 e4 21. Nd4 Nce5 22. 0-0-0 Rdh8 23. h3 Nd3+ 24. Rxd3 exd3 25. Qd2 Ne5 26. Nxe6 Qxe6 27. h4 g5 28. Bh3 g4 29. Bxe5 Rxe5 30. Bg2 Qg6 31. Bf1 Qe4 32. Rh2 g3 33. fxg3 Qf3 34. Qf2 Qxf2 35. Rxf2 Rxe3 36. Rh2 0-1